| 000 | 00576nam a2200217Ia 4500 | ||
|---|---|---|---|
| 008 | 170918s9999 xx 000 0 und d | ||
| 020 | _a9780448494821 | ||
| 050 | _bD781 1997 | ||
| 100 | _aDriscoll, Laura | ||
| 245 | _aBravest cat! : | ||
| 245 | _bthe true story of Scarlett / | ||
| 245 | _cby Laura Driscoll ; illustrated by DyAnne DiSalvo-Ryan. | ||
| 260 | _aNew York : | ||
| 260 | _bScholastic, | ||
| 260 | _c1997 | ||
| 300 | _a32 pages : | ||
| 300 | _bcolored illustration ; | ||
| 300 | _c22cm. | ||
| 300 | _ePuffin young readers level 2. | ||
| 500 | _a310 | ||
| 999 |
_c343191 _d343191 |
||